000
00263nam a22001217a 4500
008
140107t xxu||||| |||| 00| 0 eng d
020
_a
969-35-1139-5
100
_a
Bano Qudsiya
_9
543
245
_a
Adi baat
246
_a
adhi baat
300
_a
300
942
_2
ddc
_c
BK
999
_c
17658
_d
17658